000 00453nam a2200181Ia 4500
005 20250423100805.0
008 250422s9999 xx 000 0 und d
020 _a9789350145159
050 _aTA 683.2 .S53/
100 _aSharma, Neelam
245 0 _aReinforced cement concrete design
260 _aNew Delhi
260 _bS. K. Kataria & Sons
260 _c2014
300 _a692 p
650 _aReinforced concrete construction
942 _cBK
999 _c34350
_d34350